1414 1760 1594 1626 1861 1910 1690 1726 1865 1263 1148 1581 1184 1252 1089 1392 1570 1313 1832 1354 1416 1056 1355 1307 1597 1192 1287 1856 1647 1529 1595 1239 1073 1328 1492 1597 1946 1014 1435 1520 1893 1778 1485 1651 1743 1869 1101 1502 1662 1079 1512 1062 1330 1758 1398 1798 1990 1470 1209 1607 1302 1289 1584 1578 1622 1399 1334 1591 1538 1429 1626 1227 1802 1089 1820 1963 1171 1525 1044 1000 1762 1801 1862 1760 1740 1337 1416 1981 1263 1229 1766 1205 1444 1694 1834 1155 1094 1691 1347 BCNSPRNW ULIB Ver.6.0+V

เปลี่ยนเป็นภาษาไทย

Change to English
 แสดงรายละเอียดบรรณานุกรม
  กลับหน้าหลัก

Brief Record : Get Marc (ISO 2709) : E-mail record : QR code < ปิดหน้าต่าง
LEADER : 00000nas 2200000uu 4500
001    13399126184
003     ULIB
008    180711s2560||||th 000 0 tha d
022 0  ^a25868772
110 1  ^aวารสารโภชนาการ
245 00 ^aวารสารโภชนาการ/^cสมาคมโภชนาการแห่งประเทศไทย
260    ^aกรุงเทพฯ;^bสมาคมโภชนาการแห่งประเทศไทย,^c2560
310    ^aราย 6 เดือน
850 ^a ULIB^bปีที่ 52 ฉบับที่ 2 ฉ.1 ;ปีที่ 53 ฉบับที่ 1 ฉ.1
945    ^p0^l0^i904927
945    ^p0^l0^i905362
999    ^aประนอม เกษจรัล
รายการนี้ยังไม่มีแท็ก
คุณยังไม่ได้ล็อกอิน คุณสามารถมีกิจกรรมร่วมกับเว็บไซต์ได้ แต่ต้องล็อกอินก่อน ::
  ล็อกอิน

รายการสื่อสารสนเทศ (วารสาร)

ดูแบบ: กล่อง รายการ
ARRIVED
ปีที่ 52 ฉบับที่ 2 ฉ.1
สถานที่: ห้องสมุดวิทยาเขตสวรรค์ประชารักษ์ >วารสาร
ARRIVED
ปีที่ 53 ฉบับที่ 1 ฉ.1
สถานที่: ห้องสมุดวิทยาเขตสวรรค์ประชารักษ์ >วารสาร

BibComment


ยังไม่เคยถูกคอมเมนท์

คอมเมนท์ทรัพยากรรายการนี้
  คอมเมนท์: วารสารโภชนาการ ส..


 Copyright 2026. Bcnsprnw @Library